[Event "Gothenburg op"]
[Site "Gothenburg"]
[Date "2023.08.13"]
[Round "7"]
[White "Svensson, Leif"]
[Black "Pintaric, Felix"]
[Result "1-0"]
[WhiteElo "2038"]
[BlackElo "1483"]
[PlyCount "67"]
[EventDate "2023.08.11"]
[EventType "swiss"]
[EventRounds "8"]
[EventCountry "SWE"]
[SourceTitle "CBM 215 Extra"]
[Source "ChessBase"]
[SourceDate "2023.09.30"]
[SourceVersion "1"]
[SourceVersionDate "2023.09.30"]
[SourceQuality "1"]

1. d4 Nf6 2. Nc3 d5 3. Bf4 e6 4. e3 Bb4 5. Bd3 c5 6. dxc5 Nc6 7. Nge2 a6 8. a3 Bxc5 9. Ng3 0-0 10. 0-0 h6 11. e4 d4 12. Nce2 e5 13. Bc1 Re8 14. f4 Ng4 15. f5 b5 16. Rf3 Qh4 17. h3 Ne3 18. Qe1 Nxf5 19. exf5 e4 20. Rf4 exd3 21. Rxh4 dxe2 22. Re4 Bxf5 23. Rxe8+ Rxe8 24. Nxf5 d3+ 25. Kh1 g6 26. Nxh6+ Kg7 27. cxd3 Nd4 28. Bd2 Nc2 29. Qc1 e1Q+ 30. Bxe1 Rxe1+ 31. Qxe1 Nxe1 32. Rxe1 Kxh6 33. Re4 Kg7 34. g4 1-0

[Event "Gothenburg op"]
[Site "Gothenburg"]
[Date "2023.08.12"]
[Round "5"]
[White "Svensson, Leif"]
[Black "Al Saab, Ranny"]
[Result "1/2-1/2"]
[WhiteElo "2038"]
[BlackElo "1598"]
[PlyCount "83"]
[EventDate "2023.08.11"]
[EventType "swiss"]
[EventRounds "8"]
[EventCountry "SWE"]
[SourceTitle "CBM 215 Extra"]
[Source "ChessBase"]
[SourceDate "2023.09.30"]
[SourceVersion "1"]
[SourceVersionDate "2023.09.30"]
[SourceQuality "1"]

1. d4 d5 2. Nc3 Nf6 3. Bf4 a6 4. e3 Bf5 5. f3 Nc6 6. a3 e6 7. g4 Bg6 8. h4 h6 9. Bd3 Bxd3 10. Qxd3 Bd6 11. Nge2 e5 12. Bg3 Qd7 13. 0-0-0 0-0-0 14. g5 hxg5 15. hxg5 Nh5 16. Bf2 Ne7 17. dxe5 Bxe5 18. f4 Bxc3 19. Nxc3 g6 20. e4 Nxf4 21. Qf3 Rxh1 22. Rxh1 Ne6 23. exd5 Nxg5 24. Qf6 Nh3 25. Rxh3 Qxh3 26. Qxe7 Qf5 27. Qe3 b6 28. Kb1 Rh8 29. Bg3 g5 30. b3 f6 31. Qe7 Qd7 32. Qxf6 Rh1+ 33. Kb2 g4 34. d6 cxd6 35. Bxd6 Rh3 36. Qf8+ Kb7 37. Qb8+ Kc6 38. Ne4 Re3 39. Qa8+ Qb7 40. Qe8+ Qd7 41. Qa8+ Qb7 42. Qe8+ 1/2-1/2

[Event "Gothenburg op"]
[Site "Gothenburg"]
[Date "2023.08.11"]
[Round "3"]
[White "Svensson, Leif"]
[Black "Andersson, Stig"]
[Result "0-1"]
[WhiteElo "2038"]
[BlackElo "1811"]
[PlyCount "57"]
[EventDate "2023.08.11"]
[EventType "swiss"]
[EventRounds "8"]
[EventCountry "SWE"]
[SourceTitle "CBM 215 Extra"]
[Source "ChessBase"]
[SourceDate "2023.09.30"]
[SourceVersion "1"]
[SourceVersionDate "2023.09.30"]
[SourceQuality "1"]

1. d4 Nf6 2. Nc3 d5 3. Bf4 c6 4. e3 e6 5. Bd3 Bb4 6. Nge2 Nbd7 7. a3 Be7 8. Qd2 Nb6 9. 0-0 Nc4 10. Bxc4 dxc4 11. e4 0-0 12. Rad1 b6 13. Qe3 Qe8 14. h3 Bb7 15. Bh2 a6 16. Rfe1 Rc8 17. Nf4 Bd8 18. Qe2 b5 19. Nh5 Nxh5 20. Qxh5 f6 21. Qg4 Bc7 22. Bxc7 Rxc7 23. d5 cxd5 24. exd5 e5 25. f4 f5 26. Qg5 e4 27. g4 Rcf7 28. gxf5 Rxf5 29. Rxe4 0-1

[Event "Lidkoping op"]
[Site "Lidkoping"]
[Date "2019.08.25"]
[Round "5"]
[White "Andersen, Dag"]
[Black "Svensson, Leif"]
[Result "1-0"]
[WhiteElo "1873"]
[BlackElo "2027"]
[PlyCount "57"]
[EventDate "2019.08.24"]
[EventType "swiss"]
[EventRounds "7"]
[EventCountry "SWE"]
[SourceTitle "EXT 2020"]
[Source "ChessBase"]
[SourceDate "2019.10.17"]
[SourceVersion "1"]
[SourceVersionDate "2019.10.17"]
[SourceQuality "1"]

1. Nf3 d5 2. c4 e6 3. e3 Nf6 4. b3 Bd6 5. Bb2 Nbd7 6. Nc3 c6 7. Qc2 0-0 8. d4 Re8 9. Be2 b6 10. 0-0 Bb7 11. Rad1 Qc7 12. h3 Rad8 13. Qb1 a6 14. Rc1 Qb8 15. Rfd1 c5 16. cxd5 exd5 17. dxc5 bxc5 18. Qf5 Qa8 19. Na4 Bf8 20. Bxf6 Nxf6 21. Nxc5 Bxc5 22. Rxc5 d4 23. Nxd4 Ne4 24. Rc7 Nd6 25. Qg4 Re4 26. Qg3 Nb5 27. Nxb5 Rxd1+ 28. Bxd1 axb5 29. Bf3 1-0

[Event "Lidkoping op"]
[Site "Lidkoping"]
[Date "2019.08.25"]
[Round "7"]
[White "Frisk, Anders"]
[Black "Svensson, Leif"]
[Result "0-1"]
[WhiteElo "1776"]
[BlackElo "2027"]
[PlyCount "34"]
[EventDate "2019.08.24"]
[EventType "swiss"]
[EventRounds "7"]
[EventCountry "SWE"]
[SourceTitle "EXT 2020"]
[Source "ChessBase"]
[SourceDate "2019.10.17"]
[SourceVersion "1"]
[SourceVersionDate "2019.10.17"]
[SourceQuality "1"]

1. c4 c6 2. Nc3 d5 3. e3 e6 4. Nf3 Nd7 5. Be2 Bd6 6. Qc2 Ngf6 7. 0-0 0-0 8. b3 Re8 9. Bb2 e5 10. cxd5 Nxd5 11. Ne4 Bc7 12. Neg5 g6 13. h4 N7f6 14. g3 e4 15. Bxf6 Nxf6 16. Qc4 Qe7 17. Nxh7 exf3 0-1

[Event "Lidkoping op"]
[Site "Lidkoping"]
[Date "2019.08.24"]
[Round "2"]
[White "Svensson, Leif"]
[Black "Strom Engdahl, Alexander"]
[Result "0-1"]
[WhiteElo "2027"]
[BlackElo "1858"]
[PlyCount "112"]
[EventDate "2019.08.24"]
[EventType "swiss"]
[EventRounds "7"]
[EventCountry "SWE"]
[SourceTitle "EXT 2020"]
[Source "ChessBase"]
[SourceDate "2019.10.17"]
[SourceVersion "1"]
[SourceVersionDate "2019.10.17"]
[SourceQuality "1"]

1. d4 Nf6 2. Nc3 e6 3. e4 d5 4. Bg5 dxe4 5. Nxe4 Be7 6. Bxf6 Bxf6 7. Nf3 0-0 8. Qd2 Nc6 9. c3 g6 10. Nxf6+ Qxf6 11. 0-0-0 Rd8 12. Bc4 Na5 13. Bd3 b6 14. Be4 Bb7 15. Bxb7 Nxb7 16. Ne5 c5 17. Ng4 Qe7 18. Qf4 h5 19. Ne5 Rac8 20. h4 cxd4 21. Rxd4 Rxd4 22. Qxd4 Rd8 23. Qf4 Nc5 24. Kc2 Qb7 25. Re1 Kg7 26. g4 hxg4 27. Nxg4 Qe7 28. Re3 Rd5 29. Ne5 Qf6 30. Qg3 Qf5+ 31. Nd3 Nxd3 32. Rxd3 Rxd3 33. Qxd3 Qxf2+ 34. Kb3 Qxh4 35. Qd7 a5 36. Qb5 Qf2 37. Qe5+ Qf6 38. Qb5 Qd8 39. Qe5+ Kg8 40. Kc2 Qc8 41. a4 Qc6 42. Qb8+ Kg7 43. Qe5+ f6 44. Qd4 e5 45. Qd8 Qxa4+ 46. Kd2 Qf4+ 47. Kc2 Qf5+ 48. Kd2 Qe6 49. Qc7+ Kh6 50. Qb8 f5 51. Qh8+ Kg5 52. Qh2 Qd5+ 53. Kc2 Qe4+ 54. Kb3 b5 55. Qg1+ Kh6 56. Qb6 Qa4# 0-1

[Event "Deltalift op"]
[Site "Tylosand"]
[Date "2019.06.01"]
[Round "8"]
[White "Wahlstrom, Lennart"]
[Black "Svensson, Leif"]
[Result "0-1"]
[WhiteElo "2196"]
[BlackElo "2016"]
[PlyCount "110"]
[EventDate "2019.05.30"]
[EventType "swiss"]
[EventRounds "8"]
[EventCountry "SWE"]
[SourceTitle "CBM 190 Extra"]
[Source "ChessBase"]
[SourceDate "2019.07.15"]
[SourceVersion "1"]
[SourceVersionDate "2019.07.15"]
[SourceQuality "1"]

1. e4 e5 2. Nf3 Nf6 3. Nc3 Nc6 4. d4 exd4 5. Nxd4 Bb4 6. Nxc6 bxc6 7. Bd3 d5 8. exd5 cxd5 9. 0-0 0-0 10. Bg5 c6 11. Qf3 Be7 12. h3 h6 13. Bf4 Bd6 14. Ne2 Bxf4 15. Qxf4 Re8 16. Ng3 Be6 17. Nf5 Bxf5 18. Qxf5 Qb8 19. b3 Qe5 20. Qxe5 Rxe5 21. Rfe1 Rae8 22. Rxe5 Rxe5 23. c4 a5 24. a3 dxc4 25. Bxc4 Kf8 26. Kf1 Ne4 27. Rd1 Ke7 28. g4 g5 29. Kg2 Nd6 30. Ba6 Nb5 31. a4 Nd6 32. Rd4 Re4 33. Rd3 f5 34. gxf5 Nxf5 35. Bb7 Nd4 36. Ba6 Ne6 37. Re3 Nf4+ 38. Kg3 Rxe3+ 39. fxe3 Nd5 40. Kf3 Nf6 41. Bb7 Kd6 42. e4 c5 43. h4 Ke5 44. hxg5 hxg5 45. Bc6 g4+ 46. Ke3 g3 47. Bb7 g2 48. Kf2 Nxe4+ 49. Kxg2 Nd2 50. Kf2 Kd4 51. Ke2 Nxb3 52. Kd1 Kc3 53. Bd5 c4 54. Bf7 Nc5 55. Be8 Kb2 0-1

[Event "EU-ch Seniors 65 18th"]
[Site "Drammen"]
[Date "2018.08.11"]
[Round "8"]
[White "Svensson, Leif"]
[Black "Moen, Ole Christian"]
[Result "0-1"]
[WhiteElo "2052"]
[BlackElo "2228"]
[PlyCount "80"]
[EventDate "2018.08.04"]
[EventType "swiss"]
[EventRounds "9"]
[EventCountry "NOR"]
[SourceTitle "CBM 186 Extra"]
[Source "ChessBase"]
[SourceDate "2018.08.24"]
[SourceVersion "1"]
[SourceVersionDate "2018.08.24"]
[SourceQuality "1"]

1. d4 Nf6 2. Nc3 d5 3. Bg5 c6 4. e3 Nbd7 5. f4 Qa5 6. Bd3 Ne4 7. Nf3 Nxc3 8. Qd2 f6 9. Bh4 e5 10. fxe5 Bb4 11. 0-0 Ne4 12. Qe2 Be7 13. exf6 Ndxf6 14. Ne5 Be6 15. a3 0-0-0 16. c4 g5 17. Be1 Qc7 18. c5 Rdf8 19. b4 Nd7 20. Nf3 g4 21. Bxe4 dxe4 22. Nd2 Rxf1+ 23. Qxf1 Rf8 24. Qe2 Nf6 25. Bg3 Qd7 26. a4 Bd8 27. b5 Bc7 28. Bh4 Bd5 29. Rb1 g3 30. h3 Ne8 31. b6 axb6 32. cxb6 Rf2 33. Qe1 Bd6 34. a5 Ng7 35. a6 bxa6 36. b7+ Kb8 37. Nf1 Nf5 38. Bxg3 Ra2 39. Bxd6+ Qxd6 40. g4 Bc4 0-1

[Event "EU-ch Seniors 65 18th"]
[Site "Drammen"]
[Date "2018.08.09"]
[Round "6"]
[White "Svensson, Leif"]
[Black "Danielsson, Robert"]
[Result "1-0"]
[WhiteElo "2052"]
[BlackElo "1993"]
[PlyCount "57"]
[EventDate "2018.08.04"]
[EventType "swiss"]
[EventRounds "9"]
[EventCountry "NOR"]
[SourceTitle "CBM 186 Extra"]
[Source "ChessBase"]
[SourceDate "2018.08.24"]
[SourceVersion "1"]
[SourceVersionDate "2018.08.24"]
[SourceQuality "1"]

1. d4 Nf6 2. Nc3 d5 3. Bg5 Nbd7 4. e3 g6 5. f4 Bg7 6. Nf3 0-0 7. Bd3 c5 8. 0-0 b6 9. Ne5 Bb7 10. f5 c4 11. Be2 Rc8 12. Nxd7 Qxd7 13. fxg6 hxg6 14. Qe1 Ne4 15. Nxe4 dxe4 16. Qb4 e6 17. c3 Qc6 18. Rac1 Rfe8 19. b3 Qd5 20. Bf4 cxb3 21. axb3 Qd7 22. Qa3 Bc6 23. Rcd1 Bf8 24. Qb2 Bd6 25. Bxd6 Qxd6 26. Rf6 Kg7 27. Rdf1 Rc7 28. d5 Rh8 29. g3 1-0

[Event "EU-ch Seniors 65 18th"]
[Site "Drammen"]
[Date "2018.08.07"]
[Round "4"]
[White "Svensson, Leif"]
[Black "Kuznetsova, Luba"]
[Result "1-0"]
[WhiteElo "2052"]
[BlackElo "1983"]
[PlyCount "63"]
[EventDate "2018.08.04"]
[EventType "swiss"]
[EventRounds "9"]
[EventCountry "NOR"]
[SourceTitle "CBM 186 Extra"]
[Source "ChessBase"]
[SourceDate "2018.08.24"]
[SourceVersion "1"]
[SourceVersionDate "2018.08.24"]
[SourceQuality "1"]

1. d4 Nf6 2. Nc3 d5 3. Bg5 e6 4. e4 dxe4 5. Nxe4 Be7 6. Bxf6 Bxf6 7. Nf3 0-0 8. Qd2 b6 9. Qe3 Bb7 10. Bd3 h6 11. 0-0-0 Be7 12. Kb1 Nd7 13. h4 Qe8 14. g4 c5 15. c3 Rc8 16. Rhg1 cxd4 17. cxd4 Bd8 18. Nc3 Bxf3 19. Qxf3 Bxh4 20. Ne4 Qe7 21. g5 hxg5 22. Nxg5 g6 23. Qh3 Bxg5 24. Rh1 Kg7 25. Qh7+ Kf6 26. f4 e5 27. fxg5+ Ke6 28. Qh3+ Kd6 29. Ba6 Rce8 30. Qa3+ Kc7 31. Rc1+ Kb8 32. Rc8+ 1-0

[Event "EU-ch Seniors 65 18th"]
[Site "Drammen"]
[Date "2018.08.04"]
[Round "1"]
[White "Milashevskaja, Valentina"]
[Black "Svensson, Leif"]
[Result "1-0"]
[WhiteElo "1748"]
[BlackElo "2052"]
[PlyCount "45"]
[EventDate "2018.08.04"]
[EventType "swiss"]
[EventRounds "9"]
[EventCountry "NOR"]
[SourceTitle "CBM 186 Extra"]
[Source "ChessBase"]
[SourceDate "2018.08.24"]
[SourceVersion "1"]
[SourceVersionDate "2018.08.24"]
[SourceQuality "1"]

1. d4 d5 2. c4 e6 3. Nc3 c6 4. e3 Be7 5. Nf3 f5 6. Be2 Nd7 7. Qd3 Nh6 8. Bd2 0-0 9. cxd5 exd5 10. e4 fxe4 11. Nxe4 Nf7 12. Ng3 Nf6 13. 0-0 Bd6 14. Rfe1 Qc7 15. Qc2 Bg4 16. Ng5 Bxe2 17. Ne6 Qc8 18. Rxe2 Re8 19. Rae1 Bxg3 20. hxg3 Nd6 21. Bf4 Nde4 22. Nc7 g5 23. Nxe8 1-0

[Event "Skara Vastgota op"]
[Site "Skara"]
[Date "2018.02.18"]
[Round "2"]
[White "Cramling, Pia"]
[Black "Svensson, Leif"]
[Result "1-0"]
[WhiteElo "2449"]
[BlackElo "2049"]
[PlyCount "39"]
[EventDate "2018.02.18"]
[EventType "swiss"]
[EventRounds "7"]
[EventCountry "SWE"]
[SourceTitle "CBM 182 Extra"]
[Source "ChessBase"]
[SourceDate "2018.02.23"]
[SourceVersion "1"]
[SourceVersionDate "2018.02.23"]
[SourceQuality "1"]

1. Nf3 d5 2. g3 Bg4 3. Bg2 Nd7 4. d4 c6 5. c3 Ngf6 6. Bf4 e6 7. Nbd2 Be7 8. h3 Bf5 9. Nh4 Ne4 10. Bxe4 Bxe4 11. Nxe4 dxe4 12. Ng2 0-0 13. Qc2 Qb6 14. Be3 f5 15. Nf4 c5 16. 0-0-0 g5 17. Nh5 Qc6 18. Qd2 Qd5 19. Bxg5 Qxa2 20. Bxe7 1-0

[Event "WchT Seniors 65"]
[Site "Radebeul"]
[Date "2016.07.02"]
[Round "7.20"]
[White "Schmidt, Gerhard"]
[Black "Svensson, Leif"]
[Result "0-1"]
[WhiteElo "2077"]
[BlackElo "2072"]
[PlyCount "65"]
[EventDate "2016.06.26"]
[EventType "team-swiss"]
[EventRounds "9"]
[EventCountry "GER"]
[SourceTitle "CBM 173 Extra"]
[Source "ChessBase"]
[SourceDate "2016.08.29"]
[SourceVersion "1"]
[SourceVersionDate "2016.08.29"]
[SourceQuality "1"]
[WhiteTeam "Saxone"]
[BlackTeam "Sweden II"]
[WhiteTeamCountry "GER"]
[BlackTeamCountry "SWE"]

1. e4 Nf6 2. Nc3 d5 3. exd5 Nxd5 4. Nxd5 Qxd5 5. Qf3 Qf5 6. Bd3 Qa5 7. Be4 c6 8. Ne2 Nd7 9. 0-0 Nf6 10. Bxc6+ Bd7 11. Bxb7 Rb8 12. Bc6 e5 13. Bxd7+ Nxd7 14. d4 Be7 15. b3 exd4 16. Bb2 0-0 17. Nxd4 Ne5 18. Qg3 Rbc8 19. c4 Bf6 20. Bc3 Qb6 21. Nb5 Rfe8 22. Rfe1 Qd8 23. Rad1 Re6 24. f4 Ng6 25. Rxe6 fxe6 26. Bxf6 gxf6 27. Nd4 a6 28. Nc2 Qb6+ 29. Qf2 e5 30. fxe5 fxe5 31. Rd7 Qe6 32. Qa7 Nf8 33. Rd3 0-1

[Event "WchT Seniors 65"]
[Site "Radebeul"]
[Date "2016.06.26"]
[Round "1.1"]
[White "Svensson, Leif"]
[Black "Renman, Nils Gustaf"]
[Result "1-0"]
[WhiteElo "2072"]
[BlackElo "2352"]
[PlyCount "67"]
[EventDate "2016.06.26"]
[EventType "team-swiss"]
[EventRounds "9"]
[EventCountry "GER"]
[SourceTitle "CBM 173 Extra"]
[Source "ChessBase"]
[SourceDate "2016.08.29"]
[SourceVersion "1"]
[SourceVersionDate "2016.08.29"]
[SourceQuality "1"]
[WhiteTeam "Sweden II"]
[BlackTeam "Sweden"]
[WhiteTeamCountry "SWE"]
[BlackTeamCountry "SWE"]

1. d4 e6 2. e4 d5 3. Nc3 Nf6 4. Bg5 Bb4 5. e5 h6 6. Bc1 Ne4 7. Qg4 Kf8 8. Nge2 c5 9. a3 Qa5 10. axb4 Qxa1 11. Nxd5 Nc6 12. Nc7 f5 13. exf6 Nxf6 14. Qg3 Nxd4 15. Kd1 Nf5 16. Qe5 Kf7 17. f3 Rd8+ 18. Ke1 Bd7 19. Nxa8 Rxa8 20. Kf2 Rc8 21. b5 Qa4 22. b3 Qb4 23. g4 Ne7 24. Bb2 Ng6 25. Qd6 Bxb5 26. Bc3 Qe4 27. Bxf6 Qxc2 28. Ba1 Qa2 29. Bc3 Qxb3 30. Qd2 Bc6 31. Nf4 Rd8 32. Qxd8 Qxc3 33. Be2 Ne5 34. Qd6 1-0

[Event "Hasselbacken op"]
[Site "Stockholm"]
[Date "2016.05.05"]
[Round "6"]
[White "Ornstein, Axel"]
[Black "Svensson, Leif"]
[Result "1-0"]
[WhiteElo "2325"]
[BlackElo "2078"]
[PlyCount "61"]
[EventDate "2016.04.30"]
[EventType "swiss"]
[EventRounds "9"]
[EventCountry "SWE"]
[SourceTitle "CBM 172 Extra"]
[Source "ChessBase"]
[SourceDate "2016.06.21"]
[SourceVersion "1"]
[SourceVersionDate "2016.06.21"]
[SourceQuality "1"]

1. d4 d5 2. Nf3 c6 3. Bf4 e6 4. e3 Bd6 5. Nbd2 Nf6 6. Bd3 Qe7 7. Bxd6 Qxd6 8. Qe2 Nbd7 9. 0-0 0-0 10. e4 dxe4 11. Nxe4 Nxe4 12. Qxe4 Nf6 13. Qh4 b6 14. Rfe1 Rd8 15. c3 Bb7 16. Ng5 h6 17. Ne4 Nxe4 18. Qxe4 g6 19. Re3 Qd5 20. Qf4 Kg7 21. Rae1 Rd7 22. Rg3 Rad8 23. h4 c5 24. Be4 Qxa2 25. Qe5+ Kh7 26. Bb1 Qd5 27. Qf6 Rg8 28. Re5 Qb3 29. Kh2 Qxb2 30. Bd3 Qxc3 31. h5 1-0

[Event "Calvia Amateur op 12th"]
[Site "Calvia"]
[Date "2015.10.18"]
[Round "9"]
[White "Lazarte Anello, David Emiliano"]
[Black "Svensson, Leif"]
[Result "1-0"]
[WhiteElo "1965"]
[BlackElo "2118"]
[PlyCount "47"]
[EventDate "2015.10.10"]
[EventType "swiss"]
[EventRounds "9"]
[EventCountry "ESP"]
[SourceTitle "EXT 2019"]
[Source "ChessBase"]
[SourceDate "2018.10.10"]
[SourceVersion "1"]
[SourceVersionDate "2018.10.10"]
[SourceQuality "1"]

1. e4 e5 2. Nf3 Nc6 3. d4 exd4 4. Nxd4 Nf6 5. Nc3 Bb4 6. Nxc6 bxc6 7. Bd3 d5 8. exd5 cxd5 9. 0-0 0-0 10. Bg5 c6 11. Qf3 Be7 12. h3 Rb8 13. b3 Be6 14. Rad1 Nd7 15. Bf4 Ra8 16. Ne2 g5 17. Bh2 c5 18. c4 d4 19. Be4 Nf6 20. Bxa8 g4 21. hxg4 Qxa8 22. Qxa8 Rxa8 23. f3 Nd7 24. Rfe1 1-0

[Event "Calvia Amateur op 12th"]
[Site "Calvia"]
[Date "2015.10.15"]
[Round "6"]
[White "Svensson, Leif"]
[Black "Moreno Mateos, Jose Luis"]
[Result "1-0"]
[WhiteElo "2118"]
[BlackElo "1855"]
[PlyCount "57"]
[EventDate "2015.10.10"]
[EventType "swiss"]
[EventRounds "9"]
[EventCountry "ESP"]
[SourceTitle "EXT 2019"]
[Source "ChessBase"]
[SourceDate "2018.10.10"]
[SourceVersion "1"]
[SourceVersionDate "2018.10.10"]
[SourceQuality "1"]

1. d4 d5 2. Nc3 Nf6 3. Bg5 Bf5 4. e3 e6 5. Bd3 Bxd3 6. cxd3 c6 7. Nf3 Nbd7 8. 0-0 Be7 9. Qc2 h6 10. Bxf6 Nxf6 11. a3 0-0 12. b4 Qc7 13. Rfc1 a5 14. b5 Qb6 15. bxc6 Qxc6 16. Ne5 Qa6 17. a4 Rac8 18. Qb2 Rfd8 19. Nb5 Bb4 20. h3 Ne8 21. Rxc8 Rxc8 22. Rc1 Rxc1+ 23. Qxc1 f6 24. Qc8 fxe5 25. Qxe8+ Kh7 26. dxe5 Bc5 27. d4 Bb4 28. Nc7 Qe2 29. Qf7 1-0

[Event "EU-chT Seniors"]
[Site "Vienna"]
[Date "2015.07.14"]
[Round "3.10"]
[White "Bowers, John"]
[Black "Svensson, Leif"]
[Result "0-1"]
[WhiteElo "1823"]
[BlackElo "2130"]
[PlyCount "100"]
[EventDate "2015.07.12"]
[EventType "team-swiss"]
[EventRounds "9"]
[EventCountry "AUT"]
[SourceTitle "EXT 2018"]
[Source "ChessBase"]
[SourceDate "2017.10.13"]
[SourceVersion "1"]
[SourceVersionDate "2017.10.13"]
[SourceQuality "1"]
[WhiteTeam "Gwent Wales"]
[BlackTeam "Sweden"]
[WhiteTeamCountry "WLS"]
[BlackTeamCountry "SWE"]

1. e4 e5 2. Nc3 Nf6 3. f4 d5 4. fxe5 Nxe4 5. d3 Nxc3 6. bxc3 c5 7. Nf3 Be7 8. Be2 0-0 9. 0-0 Nc6 10. d4 c4 11. Qe1 f6 12. exf6 Bxf6 13. Ba3 Re8 14. Qf2 Bg4 15. Rab1 Qd7 16. Bd1 b6 17. h3 Be6 18. Qg3 Rad8 19. Nh4 Be7 20. Bxe7 Rxe7 21. Nf3 Bf5 22. Qf2 Bg6 23. Ng5 h6 24. Bg4 Qd6 25. Ne6 Rxe6 26. Bxe6+ Qxe6 27. Rbe1 Be4 28. Re3 Ne7 29. g4 Ng6 30. Qh2 Qd6 31. Re2 Qxh2+ 32. Kxh2 Rf8 33. Rxf8+ Kxf8 34. Kg3 Ke7 35. h4 Nf8 36. Rf2 Ne6 37. Re2 Nc7 38. Kf4 Nb5 39. Re3 Na3 40. g5 Nxc2 41. Re2 h5 42. Ke5 Na3 43. g6 Nb5 44. Rf2 Bxg6 45. Kxd5 Bd3 46. Rg2 Nxc3+ 47. Ke5 g6 48. d5 Nb5 49. a4 Nd6 50. Rf2 Nf5 0-1

[Event "FICGS W-ch st2 g01 email"]
[Site "FICGS email"]
[Date "2013.07.30"]
[Round "1"]
[White "Ponce, Trond"]
[Black "Svensson, Leif"]
[Result "1/2-1/2"]
[WhiteElo "2110"]
[BlackElo "2220"]
[PlyCount "128"]
[EventDate "2013.??.??"]
[EventType "tourn (corr)"]
[EventRounds "8"]
[SourceTitle "Corr 2022"]
[Source "ChessBase"]
[SourceDate "2021.10.24"]
[SourceVersion "1"]
[SourceVersionDate "2021.10.24"]
[SourceQuality "1"]

1. e4 c5 2. Nf3 e6 3. d4 cxd4 4. Nxd4 Nc6 5. Nc3 Qc7 6. Be2 a6 7. 0-0 Nf6 8. Be3 Bb4 9. Na4 0-0 10. c4 Bd6 11. g3 Nxe4 12. c5 Be7 13. Rc1 Nf6 14. Bf3 Re8 15. Nb6 Rb8 16. Nc4 Bxc5 17. Nxe6 Rxe6 18. Bxc5 d5 19. Bxd5 Nxd5 20. Qxd5 Rg6 21. Rfe1 Be6 22. Qe4 Qd8 23. Rcd1 Qg5 24. Bd6 Rd8 25. Bf4 Qe7 26. b3 h6 27. h4 Rxd1 28. Rxd1 Rf6 29. Rd2 Rf5 30. f3 Qf6 31. Kg2 Rc5 32. Bd6 Rb5 33. Ba3 Qa1 34. g4 a5 35. Bd6 Qc3 36. Qe3 Qf6 37. Bg3 Rd5 38. Nd6 Nb4 39. h5 Rxd2+ 40. Qxd2 Bd5 41. Nf5 Be6 42. Bh4 Qa1 43. Qd8+ Kh7 44. Ne7 f6 45. a3 Qxa3 46. Bxf6 Qa2+ 47. Kg3 Qb1 48. Bd4 Qe1+ 49. Bf2 Qe2 50. Ng6 Bg8 51. g5 Nc6 52. Qd7 Qb5 53. Be3 hxg5 54. Nf8+ Kh8 55. h6 Qe5+ 56. Kg2 Qb2+ 57. Bf2 g4 58. fxg4 Qf6 59. hxg7+ Qxg7 60. Qf5 Qf7 61. Bd4+ Nxd4 62. Qe5+ Qg7 63. Qh5+ Bh7 64. Nxh7 Qxh7 1/2-1/2

[Event "FICGS W-ch st2 g01 email"]
[Site "FICGS email"]
[Date "2013.07.30"]
[Round "1"]
[White "Svensson, Leif"]
[Black "Wosch, Arkadiusz Janusz"]
[Result "0-1"]
[WhiteElo "2220"]
[BlackElo "2205"]
[PlyCount "74"]
[EventDate "2013.??.??"]
[EventType "tourn (corr)"]
[EventRounds "8"]
[SourceTitle "Corr 2022"]
[Source "ChessBase"]
[SourceDate "2021.10.24"]
[SourceVersion "1"]
[SourceVersionDate "2021.10.24"]
[SourceQuality "1"]

1. e4 c5 2. c3 Nf6 3. e5 Nd5 4. Nf3 e6 5. Bc4 d6 6. d4 cxd4 7. cxd4 Nc6 8. 0-0 Be7 9. Bd2 0-0 10. Nc3 Nb6 11. Bb3 dxe5 12. dxe5 Nd7 13. Re1 b6 14. a3 Ba6 15. Bc2 Rc8 16. Bf4 Qc7 17. Qb1 h6 18. b4 Nd4 19. Nxd4 Qxc3 20. Qd1 Rc4 21. Nc6 Rxc6 22. Qxd7 Rc7 23. Qa4 Qxc2 24. Qxa6 Qf5 25. Rac1 Rd7 26. g3 Rfd8 27. Qa4 h5 28. Qc2 Rd3 29. Qa4 h4 30. Qxa7 Bf8 31. Qb7 R8d5 32. Qa8 h3 33. Kf1 Rb3 34. Qa6 b5 35. Rc8 Qd3+ 36. Kg1 Rb1 37. Rxf8+ Kh7 0-1

[Event "EU-chT Seniors 15th"]
[Site "Dresden"]
[Date "2013.07.23"]
[Round "4"]
[White "Titorenko, Natalia I"]
[Black "Svensson, Leif"]
[Result "1-0"]
[WhiteElo "2164"]
[BlackElo "2120"]
[PlyCount "103"]
[EventDate "2013.07.20"]
[EventType "team-swiss"]
[EventRounds "9"]
[EventCountry "GER"]
[SourceTitle "CBM 155 Extra"]
[Source "ChessBase"]
[SourceDate "2013.08.26"]
[SourceVersion "1"]
[SourceVersionDate "2013.08.26"]
[SourceQuality "1"]
[WhiteTeam "Russia (W)"]
[BlackTeam "Sweden"]
[WhiteTeamCountry "RUS"]
[BlackTeamCountry "SWE"]

1. d4 d5 2. c4 e5 3. dxe5 d4 4. Nf3 Nc6 5. g3 Nge7 6. Na3 Ng6 7. Nc2 Ngxe5 8. Nxe5 Nxe5 9. Qxd4 Bb4+ 10. Bd2 Qxd4 11. Nxd4 Bxd2+ 12. Kxd2 Nxc4+ 13. Kc3 Nd6 14. Bg2 0-0 15. e4 c5 16. Nb3 Be6 17. a4 Rac8 18. e5 Nc4 19. Rhe1 Rfd8 20. Bxb7 Rb8 21. Nxc5 Na5 22. Nxe6 fxe6 23. Ba6 Rb6 24. Bb5 Rc8+ 25. Kb4 Nc6+ 26. Ka3 Nd4 27. Rac1 Rcb8 28. Re4 Nxb5+ 29. axb5 Rxb5 30. b4 a5 31. Rcc4 axb4+ 32. Rxb4 Ra8+ 33. Kb3 Rba5 34. Re2 Ra3+ 35. Kc4 Rc8+ 36. Kd4 Rd8+ 37. Ke4 Rda8 38. Kf4 h6 39. h4 Rf8+ 40. Kg4 Rf5 41. Rb6 h5+ 42. Kh3 Kf7 43. Kg2 g5 44. Rb7+ Kf8 45. hxg5 Rxg5 46. Rc2 Ra8 47. f4 Rg6 48. Kh3 Kg8 49. Rc3 Rg4 50. Re7 Rg6 51. Rc6 h4 52. Kxh4 1-0

[Event "Stockholm Seniors op"]
[Site "Stockholm"]
[Date "2013.05.10"]
[Round "6"]
[White "Svensson, Leif"]
[Black "Mochalov, Evgeny Veniaminovic"]
[Result "0-1"]
[WhiteElo "2114"]
[BlackElo "2413"]
[PlyCount "36"]
[EventDate "2013.05.09"]
[EventType "swiss"]
[EventRounds "8"]
[EventCountry "SWE"]
[SourceTitle "CBM 154 Extra"]
[Source "ChessBase"]
[SourceDate "2013.06.25"]
[SourceVersion "2"]
[SourceVersionDate "2013.06.25"]
[SourceQuality "1"]

1. d4 Nf6 2. Nc3 d5 3. Bg5 c5 4. Bxf6 gxf6 5. e3 e6 6. Nf3 Nc6 7. g3 cxd4 8. Nxd4 e5 9. Nde2 d4 10. exd4 exd4 11. Nb1 Qd5 12. Rg1 Qb5 13. b3 Bb4+ 14. Nd2 Qe5 15. Bg2 0-0 16. Kf1 d3 17. cxd3 Bxd2 18. f4 Qe3 0-1